书目信息 |
| 题名: |
毛泽东与红军
|
|
| 作者: | 黄少群 总主编 ;宋留清 著 | |
| 分册: | 第一卷 从第一次反“围剿”到第五次反“围剿” | |
| 出版信息: | 北京 中央文献出版社 2007 |
|
| 页数: | 307页 | |
| 开本: | 23cm | |
| 丛书名: | ||
| 单 册: | ||
| 中图分类: | E297.2 , A752 | |
| 科图分类: | ||
| 主题词: | 军队史 , 毛泽东--生平事迹 , 毛泽东--传记 | |
| 电子资源: | ||
| ISBN: | 978-7-5073-2391-7 | |
| 000 | 01228nam0 2200325 450 | |
| 001 | 1261073187 | |
| 005 | 20120928181020.48 | |
| 010 | @a978-7-5073-2391-7@dCNY40.00 | |
| 100 | @a20080118d2007 em y0chiy50 ea | |
| 101 | 0 | @achi |
| 102 | @aCN@b110000 | |
| 105 | @aab z 000yd | |
| 106 | @ar | |
| 200 | 1 | @a毛泽东与红军@Amao ze dong yu hong jun@h第一卷@i从第一次反“围剿”到第五次反“围剿”@f黄少群总主编@g黄少群,宋留清著 |
| 210 | @a北京@c中央文献出版社@d2007 | |
| 215 | @a307页@c照片,地图@d23cm | |
| 330 | @a该书主要写中央苏区的第一至第五次反“围剿”战争。书中运用了许多极为珍贵的历史资料,汇集了许多精彩动人的红军战斗故事,披露了毛泽东、周恩来、朱德、彭德怀、聂荣臻、林彪等反对“左”倾军事教条主义的斗争史实;披露了“左”倾军事教条主义者指挥的种种错误。 | |
| 600 | 0 | @a毛泽东@f(1893-1976) |
| 600 | 0 | @a毛泽东@f(1893-1976)@x生平事迹 |
| 601 | 02 | @a中国工农红军 |
| 601 | 02 | @a中国工农红军@x军队史@j史料 |
| 606 | 0 | @a军队史 |
| 606 | 0 | @a毛泽东@x生平事迹 |
| 606 | 0 | @a毛泽东@x传记 |
| 690 | @aE297.2@v4 | |
| 690 | @aA752@v4 | |
| 701 | 0 | @a黄少群@Ahuang shao qun@4总主编 |
| 702 | 0 | @a宋留清@f(1969~)@Asong liu qing@4著 |
| 801 | 0 | @aCN@b110120@c20071128 |
| 905 | @a10447@dA752@eJY57:1 | |
| 毛泽东与红军.第一卷.从第一次反“围剿”到第五次反“围剿”/黄少群总主编/黄少群,宋留清著 .-北京:中央文献出版社,2007 |
| 307页:照片,地图;23cm |
| ISBN 978-7-5073-2391-7:CNY40.00 |
| 该书主要写中央苏区的第一至第五次反“围剿”战争。书中运用了许多极为珍贵的历史资料,汇集了许多精彩动人的红军战斗故事,披露了毛泽东、周恩来、朱德、彭德怀、聂荣臻、林彪等反对“左”倾军事教条主义的斗争史实;披露了“左”倾军事教条主义者指挥的种种错误。 |
| ● |
| 相关链接 |
|
|
|
|
正题名:毛泽东与红军
索取号:A752/JY57:1
 
预约/预借
| 序号 | 登录号 | 条形码 | 馆藏地/架位号 | 状态 | 备注 |
| 1 | 7809391 | 278093910 | 学院路分馆/ [索取号:A752/JY57:1] | 在馆 |